| 000 | 00313 a2200121 4500 | ||
|---|---|---|---|
| 999 |
_c321768 _d321768 |
||
| 001 | 86695 | ||
| 003 | NUST | ||
| 005 | 20180123105741.0 | ||
| 008 | 180123b xxu||||| |||| 00| 0 eng d | ||
| 082 | _a923.55 AFT | ||
| 100 |
_aAftab Ahmed Major _99563 |
||
| 245 |
_aGeneral Kay Killay say Malka Ki Jail Tak _hUrdu |
||
| 260 |
_aLahore _bJamhori Publications _c2007 |
||
| 300 | _a200p. | ||
| 942 |
_aCAE NUST _cBK _k923.55 AFT _2ddc |
||